01249nam a22003017a 4500003000500000005001700005008004100022010001000063011001000073035001000083040000900093082002100102111009200123245009900215260007200314300001100386650006700397650004600464650004400510650005600554650001700610650002800627650005400655650005400709650005500763650003700818710009200855CHAP20220329140510.0971013s1990 r 10010 d a52893 a53865 a58015 cCHAP a630.63bS43 198900aSeminario sobre Economía Agrícola del Tercer Mundo (n8d: 1989c: México, D. F.) aSituación y perspectivas de la agricultura y la alimentación en el tercer mundob: memoria aMéxico, D. F. :bUNAM. Programa Universitario de Alimentos,c1990 a435 p.14aAgriculturaxAspectos económicosxPaíses subdesarrollados.14aAgriculturaxInnovaciones tecnológicas.14aAgriculturaxPaíses subdesarrollados.14aAlimentosxAbastecimientoxPaises subdesarrollados.14aCampesinado.14aComercio internacional.14aPolítica agrícolaxPaíses subdesarrollados.14aPolítica agrícolaxPaíses subdesarrollados.14aPolítica alimentariaxPaíses subdesarrollados.14aProductos agrícolasxMercadeo.0 aUniversidad Nacional Autónoma de México. Instituto de Investigaciones Económicas.